النقود والصيرفة والسياسات النقدية

Bibliographic Details
Main Author: مبارك، عبد النعيم (Author)
Format: Book
Published: Iskandariyah : Mu'assassat Shabab al-Jami`ah , 1984
Subjects:

MARC

LEADER 00000cam a2200000 7i4500
001 0000005552
005 20160824093000.0
090 0 0 |a HG226   |b .M8 1984 
100 0 |a مبارك، عبد النعيم ,   |e author 
245 1 2 |a النقود والصيرفة والسياسات النقدية   |c عبد النعيم مبارك 
260 2 |a Iskandariyah :   |b Mu'assassat Shabab al-Jami`ah ,   |c 1984 
300 |a 317 p. ;   |c 24 cm. 
650 0 |a Money 
650 0 |a Money market 
999 |a 1000046735   |b Book   |c OPEN SHELF (30 DAYS)   |e Gong Badak Campus